000 00983nam a2200205Ia 4500
999 _c36778
_d36778
001 2717
003 GE_BSU
005 20190605184507.0
008 181216s2011||||ge |||||||||||||| ||geo||
040 _cGE_BSU
041 _ageo
080 _a930.25(479.223)(051)
245 _aარხეიონი = Archeion :
_bN 2 /
_c აჭარის ავტონომიური რესპუბლიკის მთავრობის საქვეუწყებო დაწესებულება-საარქივო სამმართველო ; რედაქტორი თამაზ ფუტკარაძე.
264 _a ბათუმი :
_bუნივერსალი,
_c2011.
300 _a141 გვ. ;
_b26 სმ.
653 _aარქივი
653 _aსააქივო სამმართველო
700 _aფუტკარაძე, თამაზ
_eრედაქტორი
_956
942 _cBK
_2udc